000 00807nam a2200265Ia 4500
003 GCL
008 140319s9999 xx 000 0 ara d
040 _aGCL /
_cGCL
082 0 4 _a812.043
_bس ق
100 1 _aسامى خشبة
245 1 0 _aقضايا معاصرة فى المسرح /
_cسامى خشبة
300 _a257 ص
490 _aسلسلة الكتب الحديثة
_v0
650 0 4 _aالتذوق المسرحى
650 0 4 _aالاخراج المسرحى
650 0 4 _aالمسرحيات
650 0 4 _aالحبكة الروائية
650 0 4 _aالتمثيل فى المسرح
650 0 4 _aالتأليف
650 0 4 _aالملهاة
650 0 4 _aتاريخ ونقد
650 0 4 _aالمسرح - نقد
650 0 4 _aالمسرح - تاريخ ونقد
942 _2ddc
_cBK
999 _c45631
_d45631